000 00572nam a2200169Ia 4500
008 090201s9999 xx 000 0 und d
010 _aKPL-23482
040 _bमराठी
041 _aमराठी
082 _a40213
_b23482
100 _aविजय तरवडे
245 _aसारे प्रवासी तिमीराचे
_cविजय तरवडे
260 _c2004
_bतरवडे प्रकाशन
300 _a71
_bमोठा
600 _aसारे प्रवासी तिमीराचे
942 _cBOOK
999 _c237482
_d237482